| 000 | 01508cam a2200301 a 4500 | ||
|---|---|---|---|
| 999 |
_c7516 _d7516 |
||
| 003 | OSt | ||
| 005 | 20200312065511.0 | ||
| 008 | 080506s2008 utua b 000 0 eng | ||
| 020 | _a9781423603894 (pbk.) | ||
| 040 |
_aDLC _cDLC _dDLC |
||
| 082 | 0 | 0 |
_a644 _222 _bBON |
| 100 | 1 | _aBonta, Dave. | |
| 245 | 1 | 0 |
_aNew green home solutions : _brenewable household energy and sustainable living / _cDave Bonta and Stephen Snyder. |
| 250 | _a1st ed. | ||
| 260 |
_aLayton, Utah : _bGibbs Smith, _cc2008. |
||
| 300 |
_a144 p. : _bcol. ill. ; _c25 cm. |
||
| 504 | _aIncludes bibliographical references (p. 141-143). | ||
| 505 | 0 | _aIntroduction: A better life -- Energy conservation and efficiency -- Passive heating and cooling -- Solar electricity -- Solar hot water heating -- Solar space heating -- Wind power for the home -- Micro-hydro power -- Financing, incentives, rebates, and tax credits -- System design and installation. | |
| 650 | 0 | _aEcological houses. | |
| 650 | 0 |
_aDwellings _xEnergy conservation. |
|
| 650 | 0 | _aSustainable living. | |
| 700 | 1 |
_aSnyder, Stephen, _d1961- |
|
| 856 | 4 | 2 |
_3Contributor biographical information _uhttp://www.loc.gov/catdir/enhancements/fy0834/2008020739-b.html |
| 856 | 4 | 2 |
_3Publisher description _uhttp://www.loc.gov/catdir/enhancements/fy0834/2008020739-d.html |
| 856 | 4 | 1 |
_3Sample text _uhttp://www.loc.gov/catdir/enhancements/fy0835/2008020739-s.html |
| 856 | 4 | 1 |
_3Table of contents only _uhttp://www.loc.gov/catdir/enhancements/fy0835/2008020739-t.html |
| 942 | _2ddc | ||